Plus petits pays par catégorie - Statistiques

Statistiques générales
  • Ce quiz a été pris 41 fois
  • Le résultat moyen est 9 sur 19
Statistiques - réponses
Catégorie pays % Correct
dans le monde Vatican
95%
en Amérique du Sud Suriname
82%
en Amérique du Nord Saint-Christophe- et-Niévès
68%
en Amérique centrale Salvador
68%
en Afrique Seychelles
68%
au Moyen-Orient Bahreïn
53%
en Union européenne Malte
47%
en Asie Maldives
45%
Francophone Monaco
45%
enserré par l'Himalaya Bhoutan
42%
sans littoral en Amérique du Sud Paraguay
39%
insulaire Nauru
37%
commençant par la lettre A Antigua-et-Barbuda
34%
terminant par la lettre A Antigua-et-Barbuda
26%
en Asie continentale Bruneï
26%
en Afrique continentale Gambie
24%
bordant la mer Égée Grèce
24%
traversé par le Danube Moldavie
24%
entièrement au nord de 50 ° N Danemark
21%
Aucun quiz correspondant
Distribution des résultats
% des personnes avec chaque résultat
Percentile par nombre de réponses
Votre historique - résultats
Vous n’avez pas pris ce quiz